[Event "Challenge"]
[Site "http://www.queenalice.com/game.php?id=1469858"]
[Date "2017.3.21"]
[Round "-"]
[White "Kerouedan"]
[Black "Antoinelabat"]
[Result "0-1"]
[WhiteElo "1177"]
[BlackElo "1427"]

1. e4 Nf6 2. Nc3 e5 3. d3 Nc6 4. Be3 Bb4 5. a3 Ba5 6. b4 Nxb4 7. axb4 Bxb4 8.
Qd2 c6 9. Ra4 a5 10. Nf3 b5 11. Rxb4 axb4 12. Ne2 Ra1+ 13. Nc1 O-O 14. Be2 d5
15. O-O dxe4 16. Nxe5 Re8 17. Nxc6 Qd6 18. Nxb4 exd3 19. Bxd3 Ng4 20. g3 Nxe3
21. fxe3 Bh3 22. Qf2 Bxf1 23. Qxf1 Qxb4 24. Bxb5 Rxe3 25. Be8 Re1 26. Bxf7+ Kh8
27. h4 Rxf1+ 28. Kxf1 Qf8 29. h5 Qxf7+ 30. Ke2 Qxh5+ 31. Kd2 Qg5+ 32. Kc3 Rxc1
33. g4 Qd5 34. Kb4 Rb1+ 35. Ka4 Qb5+ 36. Ka3 Ra1# 0-1

[Event "Challenge"]
[Site "http://www.queenalice.com/game.php?id=1469952"]
[Date "2017.3.22"]
[Round "-"]
[White "Kerouedan"]
[Black "Antoinelabat"]
[Result "0-1"]
[WhiteElo "1171"]
[BlackElo "1433"]

1. e4 Nf6 2. d3 e5 3. Nf3 Nc6 4. c4 Bb4+ 5. Bd2 O-O 6. a3 Bxd2+ 7. Nbxd2 d6 8.
b4 a5 9. Ng5 Ng4 10. Be2 Qxg5 11. Nf3 Qf4 12. g3 Qh6 13. b5 Nd4 14. Nxd4 Nxf2
15. Kxf2 Qf6+ 16. Nf5 Bxf5 17. exf5 Qxf5+ 18. Bf3 Rfe8 19. g4 Qf4 20. h4 e4 21.
dxe4 Rxe4 22. Qd3 Rd4 23. Qf5 Qd2+ 24. Kf1 Rf4 25. Rd1 Qxd1+ 26. Kg2 Qxf3+ 27.
Kg1 Qf2# 0-1

[Event "Challenge"]
[Site "http://www.queenalice.com/game.php?id=1469959"]
[Date "2017.3.22"]
[Round "-"]
[White "Kerouedan"]
[Black "Antoinelabat"]
[Result "0-1"]
[WhiteElo "1165"]
[BlackElo "1439"]

1. e4 Nf6 2. Bd3 e5 3. Nf3 Nc6 4. O-O Bc5 5. c4 d6 6. Nc3 Nb4 7. Qa4+ Bd7 8. Nb5
a6 9. Nxc7+ Qxc7 10. Qb3 O-O 11. a3 Nc6 12. Be2 Nxe4 13. d3 Na5 14. Qa2 Nxf2 15.
Rxf2 Qb6 16. d4 exd4 17. b4 d3 18. bxc5 Qxc5 19. Bxd3 Rfe8 20. Ng5 Re1+ 21. Bf1
f6 22. Bd2 Rxa1 23. Ne4 Qd4 24. Bc3 Qxe4 25. Qxa1 Nxc4 26. Qe1 Ne3 27. Bd2 Bb5
28. Bxe3 Bxf1 29. Rxf1 Re8 30. Rf3 d5 31. Kf1 d4 32. Kf2 dxe3+ 33. Rxe3 Qf4+ 34.
Rf3 Qh4+ 35. Kg1 Qxe1+ 36. Rf1 Qe3+ 37. Rf2 Rd8 38. g4 Rd1+ 39. Kg2 Rd3 40. g5
Qh3+ 41. Kh1 Rd1+ 42. Rf1 Rxf1# 0-1

[Event "Challenge"]
[Site "http://www.queenalice.com/game.php?id=1470690"]
[Date "2017.3.27"]
[Round "-"]
[White "Kerouedan"]
[Black "Antoinelabat"]
[Result "0-1"]
[WhiteElo "1160"]
[BlackElo "1444"]

1. e4 Nf6 2. Bd3 e5 3. Nf3 Nc6 4. O-O d5 5. Qe1 d4 6. c4 Nb4 7. Qe2 Nc6 8. Na3
Bb4 9. Ng5 Nxe4 10. Bxe4 Qxg5 11. d3 Qd8 12. Qh5 g6 13. Qf3 O-O 14. Bh6 Re8 15.
Bd5 Be6 16. Nb5 a6 17. a3 Bc5 18. b4 Bf8 19. Bd2 axb5 20. Bxe6 Rxe6 21. cxb5 e4
22. Qh3 Na7 23. Rae1 Nxb5 24. Rxe4 Rxe4 25. dxe4 Rxa3 26. g3 Nc3 27. Re1 Bxb4
28. Qh4 Be7 29. Qh6 Bf8 30. Bg5 f6 31. Qh3 fxg5 32. Qe6+ Kh8 33. f4 gxf4 34.
Qe5+ Bg7 35. Qxf4 d3 36. h4 d2 37. Rf1 Ne2+ 38. Kf2 Nxf4 39. gxf4 d1=Q 40. Rxd1
Qxd1 0-1

[Event "Challenge"]
[Site "http://www.queenalice.com/game.php?id=1470798"]
[Date "2017.3.28"]
[Round "-"]
[White "Kerouedan"]
[Black "Antoinelabat"]
[Result "1-0"]
[WhiteElo "1155"]
[BlackElo "1449"]

1. e4 Nf6 2. d3 e5 3. c4 Bb4+ 4. Bd2 Nc6 5. a3 Bc5 6. b4 Bd4 7. Nc3 O-O 8. b5
Na5 9. Qf3 Nb3 10. Rd1 d6 11. Nge2 Ng4 12. Be3 Bxe3 13. fxe3 c5 14. Ng3 Qa5 15.
h3 Qxc3+ 16. Ke2 Qc2+ 17. Ke1 Nh6 18. Be2 a6 19. b6 a5 20. Nh5 Qc3+ 21. Kf1 Na1
22. Qg3 g6 23. Nf6+ Kg7 24. Nh5+ Kh8 25. Nf6 Qxa3 26. Qh4 Kg7 27. g4 Nc2 28. g5
Nxe3+ 29. Kf2 Nef5 30. exf5 Bxf5 31. Qxh6+ Kh8 32. Qxh7# 1-0

[Event "Challenge"]
[Site "http://www.queenalice.com/game.php?id=1470856"]
[Date "2017.3.28"]
[Round "-"]
[White "Antoinelabat"]
[Black "Kerouedan"]
[Result "1-0"]
[WhiteElo "1421"]
[BlackElo "1183"]

1. e4 Nf6 2. e5 Nd5 3. Nf3 e6 4. d4 f5 5. Bc4 d6 6. O-O Nc6 7. Re1 h6 8. Bf4 g5
9. Bc1 Rg8 10. Nfd2 Nxd4 11. Qh5+ Ke7 12. c3 Nc2 13. Nf3 Nxa1 14. Na3 g4 15. Ng5
hxg5 16. Bxg5+ Rxg5 17. Qxg5+ Ke8 18. Qg6+ Ke7 19. exd6+ cxd6 20. Bxd5 Qb6 21.
Rxe6+ Bxe6 22. Qxe6+ Kd8 23. Qf6+ Ke8 24. Qf7+ Kd8 25. Qxf8+ Kc7 26. Qxa8 Qxb2
27. g3 Qc1+ 28. Kg2 Qxa3 29. Qxb7+ Kd8 30. Qb8+ Ke7 31. Qh8 Qa5 32. c4 Nc2 33.
Qg7+ Kd8 34. Be6 Ne3+ 35. fxe3 Qd2+ 36. Kf1 Qc1+ 37. Ke2 Qc2+ 38. Ke1 Qb1+ 39.
Kd2 Qxa2+ 40. Kd3 Qb3+ 41. Kd4 Qd1+ 42. Kc3 Qe1+ 43. Kd4 Ke8 44. Qd7+ Kf8 45.
Qf7# 1-0

[Event "Challenge"]
[Site "http://www.queenalice.com/game.php?id=1471065"]
[Date "2017.3.29"]
[Round "-"]
[White "Kerouedan"]
[Black "Antoinelabat"]
[Result "0-1"]
[WhiteElo "1177"]
[BlackElo "1427"]

1. d4 Nc6 2. e4 Nf6 3. f3 e5 4. c3 exd4 5. cxd4 Bb4+ 6. Nc3 O-O 7. Bd3 Nxd4 8.
Nh3 d6 9. f4 Bxh3 10. gxh3 Re8 11. a3 Ba5 12. b4 Bb6 13. Ne2 Nxe4 14. Rg1 Qh4+
15. Rg3 Nxg3 16. Qc2 Nxc2+ 17. Kd2 Nxa1 18. Nxg3 Qxf4+ 19. Kd1 Nb3 20. Bxf4 Nd4
21. Nh5 Re7 22. Bg5 Re5 23. h4 f6 24. Be3 Rxh5 25. Bxd4 Bxd4 26. Bc4+ d5 27. Be2
Rxh4 28. a4 Re8 29. Bf3 c6 30. b5 Rxh2 31. a5 Bc3 32. a6 Re1# 0-1

[Event "Challenge"]
[Site "http://www.queenalice.com/game.php?id=1471067"]
[Date "2017.3.29"]
[Round "-"]
[White "Antoinelabat"]
[Black "Kerouedan"]
[Result "1-0"]
[WhiteElo "1407"]
[BlackElo "1197"]

1. e4 d5 2. exd5 Qxd5 3. Nc3 Qe5+ 4. Be2 Bg4 5. Nf3 Qc5 6. O-O e5 7. d4 exd4 8.
Nxd4 Bxe2 9. Ndxe2 Qd6 10. Bf4 Qxd1 11. Raxd1 Nf6 12. Bxc7 Nbd7 13. Rfe1 Bc5 14.
Nf4+ Be7 15. Ncd5 O-O 16. Rxe7 Nc5 17. Bd6 Rae8 18. Rxb7 Nxb7 19. Bxf8 Kxf8 20.
g3 Nd6 21. Kf1 Ng4 22. Kg2 Ne4 23. f3 Ngf2 24. Re1 g5 25. Nc7 Re7 26. Nfd5 Re5
27. Nf6 g4 28. fxe4 Nxe4 29. Nxe4 f5 30. Rd1 Rxe4 31. Rd8+ Ke7 32. Re8+ Kd7 33.
Rxe4 fxe4 34. Nd5 h5 35. Ne3 a5 36. c4 Kc6 37. a3 a4 38. b4 Kd7 39. c5 Kc6 40.
Kf2 Kb5 41. Ke2 Kc6 42. Nf5 Kd5 43. Ke3 Ke5 44. Nd4 Kd5 45. c6 Kd6 46. Kxe4 Kc7
47. b5 Kb6 48. Kd5 h4 49. gxh4 Ka5 50. c7 Kb6 51. c8=Q 1-0

[Event "Challenge"]
[Site "http://www.queenalice.com/game.php?id=1471851"]
[Date "2017.4.4"]
[Round "-"]
[White "Kerouedan"]
[Black "Antoinelabat"]
[Result "0-1"]
[WhiteElo "1189"]
[BlackElo "1415"]

1. e4 e5 2. d4 Nc6 3. c3 Nf6 4. Nf3 Nxe4 5. Bd3 Nf6 6. O-O e4 7. Qe1 d5 8. Nbd2
Bf5 9. Qe2 Bd6 10. Re1 O-O 11. Ne5 Re8 12. Bb5 a6 13. Ba4 b5 14. Nxc6 Qd7 15.
Ne5 Bxe5 16. dxe5 Rxe5 17. Bb3 Rae8 18. a4 Bg4 19. f3 exf3 20. Nxf3 Rxe2 21.
Rxe2 Rxe2 22. axb5 Qxb5 23. Bd1 Qc5+ 24. Kh1 Rf2 25. Rxa6 Rf1+ 26. Ng1 Qxg1# 0-1

[Event "Challenge"]
[Site "http://www.queenalice.com/game.php?id=1471852"]
[Date "2017.4.4"]
[Round "-"]
[White "Kerouedan"]
[Black "Antoinelabat"]
[Result "1-0"]
[WhiteElo "1182"]
[BlackElo "1422"]

1. e4 e5 2. d4 Nc6 3. c3 Nf6 4. Bd3 Bd6 5. Nf3 O-O 6. d5 Na5 7. b4 Nxe4 8. bxa5
Nc5 9. Bg5 f6 10. Bh4 e4 11. Bxe4 Nxe4 12. O-O c6 13. Qe1 cxd5 14. Qd1 Qxa5 15.
Nd4 Bc5 16. Qg4 d6 17. Nf5 Bxf5 18. Qxf5 Nxc3 19. Rc1 Qa3 20. Nxa3 d4 21. Qe6+
Rf7 22. Nc4 b5 23. Na5 d3 24. Rxc3 1-0

[Event "Challenge"]
[Site "http://www.queenalice.com/game.php?id=1471898"]
[Date "2017.4.4"]
[Round "-"]
[White "Antoinelabat"]
[Black "Kerouedan"]
[Result "1-0"]
[WhiteElo "1396"]
[BlackElo "1208"]

1. e4 e5 2. Nf3 Bd6 3. Bc4 Nf6 4. d3 Bb4+ 5. c3 Bc5 6. Nxe5 d6 7. Nxf7 Qd7 8.
Nxh8 Qg4 9. Qxg4 Bxg4 10. O-O Nc6 11. d4 Bb6 12. Re1 O-O-O 13. Nf7 h6 14. Nxd8
Nxd8 15. Na3 g5 16. e5 Nh5 17. e6 Ng7 18. e7 c5 19. dxc5 Bxc5 20. Nb5 a6 21. Nd4
b5 22. Bd5 b4 23. Bd2 bxc3 24. Bxc3 Bxd4 25. Bxd4 h5 26. Bxg7 h4 27. e8=Q h3 28.
Bf6 hxg2 29. Qxd8# 1-0

[Event "Challenge"]
[Site "http://www.queenalice.com/game.php?id=1471936"]
[Date "2017.4.4"]
[Round "-"]
[White "Kerouedan"]
[Black "Antoinelabat"]
[Result "0-1"]
[WhiteElo "1200"]
[BlackElo "1404"]

1. e4 e5 2. Nf3 Nc6 3. c4 Nf6 4. d3 Bb4+ 5. Bd2 O-O 6. a3 Bc5 7. b4 Be7 8. b5
Nd4 9. Nxe5 d6 10. Nf3 Ng4 11. Nxd4 Bf6 12. Be2 Bxd4 13. Bxg4 Bxa1 14. O-O Bd4
15. Qc1 Bxg4 16. Bg5 f6 17. h3 Be2 18. Be3 Bxf1 19. Qxf1 Bb2 20. g4 c5 21. h4 f5
22. g5 f4 23. Bxf4 Rxf4 24. Qh3 Bd4 25. Nd2 Bxf2+ 26. Kg2 Bxh4 27. Nf3 Bxg5 28.
Qg3 Bh6 29. d4 Rxe4 30. d5 Bf4 31. Qf2 Qe8 32. Kf1 Qh5 33. Qh4 Qxf3+ 34. Kg1
Be3+ 35. Kh2 Rxh4# 0-1

[Event "Challenge"]
[Site "http://www.queenalice.com/game.php?id=1472052"]
[Date "2017.4.5"]
[Round "-"]
[White "Kerouedan"]
[Black "Antoinelabat"]
[Result "0-1"]
[WhiteElo "1192"]
[BlackElo "1412"]

1. e4 e5 2. d4 Nc6 3. c3 Nf6 4. f3 d5 5. dxe5 Nxe5 6. Qa4+ Bd7 7. Qb3 Bc6 8.
exd5 Bxd5 9. Be3 Bxb3 10. axb3 Nd3+ 11. Ke2 Nxb2 12. Ra2 Qd1+ 13. Kf2 Qxb1 14.
Rxb2 Qxb2+ 15. Ne2 Qxb3 16. Nd4 Qxc3 17. Bb5+ c6 18. Ba4 Bd6 19. Nf5 Be5 20.
Nxg7+ Kf8 21. Bh6 Bd4+ 22. Kg3 Ne4+ 23. Kh4 Nf2 24. Nf5+ Bg7 25. Nxg7 Qc4+ 26.
Kg3 Qxa4 27. Kxf2 Qh4+ 28. Kf1 Qxh6 29. Nf5 Qc1+ 30. Kf2 Qxh1 31. Nd4 Rg8 32. g4
Ke8 33. f4 Rxg4 34. Ne2 Qg1+ 35. Nxg1 Rd8 36. Nf3 Rxf4 37. h4 Rd3 38. h5 Rfxf3+
39. Ke2 Rfe3+ 40. Kf2 c5 41. h6 c4 42. Kf1 Rd2 43. Kg1 Re1# 0-1

[Event "Challenge"]
[Site "http://www.queenalice.com/game.php?id=1472114"]
[Date "2017.4.5"]
[Round "-"]
[White "Kerouedan"]
[Black "Antoinelabat"]
[Result "1/2-1/2"]
[WhiteElo "1185"]
[BlackElo "1419"]

1. e4 e5 2. Nf3 Nc6 3. Bd3 Nf6 4. O-O d5 5. Nc3 d4 6. Na4 Bd6 7. c3 O-O 8. c4 b6
9. Ng5 Nb4 10. Be2 d3 11. Bf3 Nc2 12. Rb1 Ba6 13. b3 c5 14. Bg4 Nd7 15. Bf5 b5
16. Bxh7+ Kh8 17. cxb5 Bxb5 18. Qh5 Nf6 19. Qh4 g6 20. Bxg6+ Kg7 21. Nc3 Rh8 22.
Qg3 Nh5 23. Qf3 Kxg6 24. Nxb5 Kxg5 25. Qxd3 Nd4 26. Qc4 Kg6 27. b4 a6 28. Nxd6
Qxd6 29. bxc5 Qc6 30. Rb6 Rab8 31. Rxc6+ Nxc6 32. Qxa6 Rhc8 33. Ba3 Nf6 34. Qd3
Kg7 35. Qg3+ Kf8 36. d3 Ra8 37. Bc1 Rxa2 38. Bh6+ Ke7 39. Qh4 Rca8 40. g3 Nd4
41. Bg5 Nf3+ 42. Kg2 Nxh4+ 43. Bxh4 Ke6 44. Rd1 R8a4 45. c6 Ng4 46. Rf1 Kd6 47.
h3 Nh6 48. Rc1 Ra8 49. c7 Rc8 50. Bg5 Ng8 51. Bd8 Ra3 52. Rb1 Rxc7 53. Rb6+ Kd7
54. Bf6 Nxf6 55. Rxf6 Ke8 56. Rf5 Rxd3 57. Rxe5+ 1/2-1/2

[Event "Challenge"]
[Site "http://www.queenalice.com/game.php?id=1475120"]
[Date "2017.4.24"]
[Round "-"]
[White "Kerouedan"]
[Black "Antoinelabat"]
[Result "0-1"]
[WhiteElo "1194"]
[BlackElo "1410"]

1. e4 Nf6 2. Bd3 e5 3. Nf3 Nc6 4. O-O d5 5. Qe1 d4 6. c3 dxc3 7. Nxc3 Bb4 8. a3
Bxc3 9. dxc3 O-O 10. Qe3 Ng4 11. Qg5 Qxd3 12. Qh4 f6 13. Bg5 Qxe4 14. Rae1 Qg6
15. h3 fxg5 16. Nxg5 h6 17. Ne6 Qxe6 18. Qxg4 Qb3 19. Qe2 Be6 20. Rd1 Bc4 21.
Qf3 Rxf3 22. gxf3 Qxb2 23. Rb1 Qxc3 24. Rxb7 Qxf3 25. Rxc7 Bd5 26. Rc8+ Rxc8 27.
Re1 Qg2# 0-1

[Event "Challenge"]
[Site "http://www.queenalice.com/game.php?id=1475284"]
[Date "2017.4.25"]
[Round "-"]
[White "Antoinelabat"]
[Black "Kerouedan"]
[Result "1-0"]
[WhiteElo "1417"]
[BlackElo "1187"]

1. e4 Nf6 2. e5 Ng4 3. Qxg4 d5 4. Qa4+ c6 5. Nf3 b5 6. Qf4 e6 7. d3 Qa5+ 8. Bd2
b4 9. c3 Ba6 10. cxb4 Bxb4 11. Bxb4 Qa4 12. b3 Qb5 13. Be2 d4 14. Qxd4 c5 15.
Bxc5 Nc6 16. Qd6 Rd8 17. Nc3 Rxd6 18. Nxb5 Rd8 19. Nc7+ Kd7 20. Nxa6 f6 21. exf6
gxf6 22. O-O Rhg8 23. Rfd1 Rg6 24. d4 e5 25. dxe5+ Kc8 26. e6 Rdg8 27. Nh4 Rg4
28. Bxg4 Rxg4 29. g3 Rg5 30. e7 Re5 31. Rac1 Nxe7 32. Bxe7+ Kb7 33. Nc5+ Kb6 34.
Bd8+ Kb5 35. Nd7 Re8 36. Nxf6 Rxd8 37. Rxd8 1-0

[Event "Challenge"]
[Site "http://www.queenalice.com/game.php?id=1475287"]
[Date "2017.4.25"]
[Round "-"]
[White "Kerouedan"]
[Black "Antoinelabat"]
[Result "0-1"]
[WhiteElo "1180"]
[BlackElo "1424"]

1. e4 e5 2. Nf3 Nc6 3. c4 Nf6 4. d3 Bb4+ 5. Bd2 O-O 6. Nc3 d6 7. Be2 Nd4 8. O-O
Nxe2+ 9. Nxe2 Bxd2 10. Qxd2 c6 11. b4 Re8 12. Rab1 d5 13. b5 dxe4 14. dxe4 Nxe4
15. Qc2 Nc5 16. Rbd1 Qf6 17. a4 e4 18. Rd4 exf3 19. Rfd1 fxe2 20. Rd8 Bg4 21.
Qd2 Raxd8 22. Qxd8 Rxd8 23. Re1 Rd1 24. g3 Rxe1+ 25. Kg2 Rf1 26. bxc6 Qxf2# 0-1

[Event "Challenge"]
[Site "http://www.queenalice.com/game.php?id=1475368"]
[Date "2017.4.26"]
[Round "-"]
[White "Kerouedan"]
[Black "Antoinelabat"]
[Result "0-1"]
[WhiteElo "1174"]
[BlackElo "1430"]

1. d4 d5 2. Nc3 Nc6 3. Be3 e5 4. Qd2 e4 5. f4 Nf6 6. O-O-O Bb4 7. Bf2 Ng4 8. Bg3
O-O 9. Qe1 Ne3 10. Bh4 f6 11. g4 Nxd1 12. Kxd1 Nxd4 13. e3 Bxg4+ 14. Be2 Nxe2
15. Ngxe2 d4 16. exd4 Qxd4+ 17. Qd2 Rad8 18. Be1 Qb6 19. Nd5 Bxd2 20. Nxb6 Be3+
21. Nd5 Rxd5+ 22. Bd2 Rfd8 23. Rg1 Rxd2+ 24. Ke1 Rd1# 0-1

[Event "Challenge"]
[Site "http://www.queenalice.com/game.php?id=1476447"]
[Date "2017.5.2"]
[Round "-"]
[White "Kerouedan"]
[Black "Antoinelabat"]
[Result "0-1"]
[WhiteElo "1168"]
[BlackElo "1436"]

1. e4 e5 2. Nf3 Nc6 3. c4 Nf6 4. b3 Bb4 5. Ng5 h6 6. Nh3 Nxe4 7. Qe2 d5 8. Nc3
Nxc3 9. dxc3 Bxc3+ 10. Bd2 Bxa1 11. Qd1 Bd4 12. Be2 O-O 13. Qc2 Re8 14. Bd3 e4
15. Be2 Bf5 16. Bh5 Re5 17. O-O e3 18. cxd5 Bxc2 19. dxc6 exd2 20. Bf3 b6 21.
Nf4 Bc5 22. Rc1 d1=Q+ 23. Rxd1 Bxd1 24. g3 Bxf3 25. h4 Re1+ 26. Kh2 Rh1# 0-1

[Event "Challenge"]
[Site "http://www.queenalice.com/game.php?id=1476456"]
[Date "2017.5.2"]
[Round "-"]
[White "Kerouedan"]
[Black "Antoinelabat"]
[Result "0-1"]
[WhiteElo "1190"]
[BlackElo "1414"]

1. d4 d5 2. Nc3 Nc6 3. e4 Nf6 4. Nf3 dxe4 5. Ng5 Bf5 6. Bf4 e6 7. Qe2 Nxd4 8.
Qd2 e3 9. fxe3 Nxc2+ 10. Kd1 Nxa1 11. Bb5+ c6 12. Bc4 Bb4 13. Qxd8+ Rxd8+ 14.
Kc1 h6 15. Nf3 O-O 16. a3 Bc5 17. Na4 Be7 18. Be5 b5 19. b3 bxc4 20. Bxa1 cxb3
21. Bd4 Bxa3+ 22. Nb2 c5 23. e4 Bxe4 24. Ne5 cxd4 25. Nc4 Bxg2 26. Nxa3 Bxh1 27.
Nb5 a6 0-1

[Event "Challenge"]
[Site "http://www.queenalice.com/game.php?id=1477595"]
[Date "2017.5.10"]
[Round "-"]
[White "Kerouedan"]
[Black "Antoinelabat"]
[Result "1-0"]
[WhiteElo "1163"]
[BlackElo "1441"]

1. e4 e5 2. Nf3 Nc6 3. Nc3 Nf6 4. d3 Bb4 5. a3 Bc5 6. Rb1 O-O 7. b4 Bb6 8. b5
Ne7 9. Nxe5 d6 10. Nc4 Bd4 11. Ne2 Bc5 12. d4 Bb4+ 13. axb4 Nxe4 14. Nf4 Ng6 15.
Bd3 Re8 16. O-O Nxf4 17. Bxf4 Nc3 18. Qc1 Nxb1 19. Qxb1 Qf6 20. Be3 a6 21. b6 c6
22. c3 a5 23. Bxh7+ Kh8 24. bxa5 g6 25. Bxg6 Qxg6 26. Qxg6 fxg6 27. Nxd6 Rf8 28.
Bh6 Rd8 29. Nf7+ Kh7 30. Re1 Rd7 31. Bf4 Rxf7 32. Be5 Rxa5 33. g4 Bxg4 34. Re4
Bh3 35. Rh4+ Kg8 36. Rh8# 1-0

[Event "Challenge"]
[Site "http://www.queenalice.com/game.php?id=1477600"]
[Date "2017.5.10"]
[Round "-"]
[White "Antoinelabat"]
[Black "Kerouedan"]
[Result "1-0"]
[WhiteElo "1421"]
[BlackElo "1183"]

1. e4 Nf6 2. e5 Nd5 3. Nf3 d6 4. d4 e6 5. Bc4 c6 6. O-O b5 7. Bxd5 exd5 8. Re1
Be7 9. Nbd2 O-O 10. c3 c5 11. Qb3 a6 12. Qxd5 Bb7 13. Qxb7 Nd7 14. Ne4 Rb8 15.
Qxa6 dxe5 16. dxe5 Rb6 17. Qa7 c4 18. Neg5 Bxg5 19. Bxg5 f6 20. Bh4 Qe7 21. exf6
Qd6 22. fxg7 Ra6 23. gxf8=Q+ Kxf8 24. Qe3 Qd3 25. Qe8+ Kg7 26. Qe7+ Kh6 27. Qg5#
1-0

[Event "Challenge"]
[Site "http://www.queenalice.com/game.php?id=1478421"]
[Date "2017.5.17"]
[Round "-"]
[White "Kerouedan"]
[Black "Antoinelabat"]
[Result "0-1"]
[WhiteElo "1177"]
[BlackElo "1427"]

1. e4 e5 2. Nf3 Nf6 3. Bd3 Nc6 4. O-O d6 5. c4 Nb4 6. Qa4+ Nc6 7. Ng5 h6 8. Nh3
Bd7 9. a3 Bxh3 10. gxh3 a6 11. f4 Be7 12. Be2 Nxe4 13. d3 Nc5 14. Qd1 Nd4 15.
Bh5 O-O 16. fxe5 dxe5 17. Qg4 Qd6 18. b4 Ncb3 19. Ra2 Nxc1 20. Rg2 Nce2+ 21. Kh1
g5 22. Rgf2 f6 23. c5 Qd5+ 24. Qe4 Qxe4+ 25. dxe4 Nf4 26. Rg1 Nxh3 27. Rg3 Nxf2+
28. Kg2 Nxe4 29. a4 Nxg3 30. hxg3 c6 31. Na3 a5 32. b5 Bxc5 33. Nc4 e4 34. Bg4
f5 35. Bd1 f4 36. g4 f3+ 37. Kf1 Rae8 38. b6 e3 39. Nxe3 Rxe3 40. Bxf3 Rfxf3+
41. Kg2 Re2+ 42. Kh1 Rf1# 0-1

[Event "Challenge"]
[Site "http://www.queenalice.com/game.php?id=1478676"]
[Date "2017.5.18"]
[Round "-"]
[White "Kerouedan"]
[Black "Antoinelabat"]
[Result "0-1"]
[WhiteElo "1171"]
[BlackElo "1433"]

1. e4 e5 2. Nf3 Nc6 3. c4 Nf6 4. Nc3 Bb4 5. d3 d6 6. Be2 a6 7. O-O b5 8. a3 Bxc3
9. bxc3 Ne7 10. Ng5 h6 11. Nf3 bxc4 12. dxc4 Nxe4 13. Qa4+ Bd7 14. Qc2 Bf5 15.
Nh4 d5 16. cxd5 Qxd5 17. c4 Qd4 18. Qa4+ Bd7 19. Qd1 Qxa1 20. a4 Nc3 21. Qd2
Nxe2+ 22. Qxe2 Qxa4 23. Qxe5 O-O 24. Qg3 Qc6 25. Re1 Nf5 26. Qg4 Nxh4 27. Qxh4
g5 28. Bxg5 hxg5 29. Qxg5+ Qg6 30. Qh4 Rfb8 31. g4 Bxg4 32. h3 Bxh3+ 33. Kh2
Qg2# 0-1